Ordered permutation groups
Guardat en:
| Autor principal: | |
|---|---|
| Format: | Llibre |
| Idioma: | anglès |
| Publicat: |
Cambridge
Cambridge University
1981
|
| Col·lecció: | London Mathematical Society Lecture Note Series, 55
|
| Matèries: | |
| Etiquetes: |
Afegir etiqueta
Sense etiquetes, Sigues el primer a etiquetar aquest registre!
|
MARC
| LEADER | 00000nam a2200000 a 4500 | ||
|---|---|---|---|
| 001 | UCQ8912 | ||
| 003 | CL-VaPUC | ||
| 008 | 981217e19810000uk |||||||||||||||||eng|d | ||
| 082 | 0 | 4 | |a 512.2 |b GLA |2 21 |
| 100 | 0 | |a Glass, A. M. W |e author |9 423222 | |
| 245 | 1 | 0 | |a Ordered permutation groups |
| 300 | |a 314 p | ||
| 942 | |c BK | ||
| 945 | |d 19981217 00:00:00 |a crobeson | ||
| 260 | |a Cambridge |b Cambridge University |c 1981 | ||
| 650 | 0 | |a Teoría de grupos |9 270028 | |
| 650 | 7 | |a GRUPOS |2 CL-VaPUC |9 336429 | |
| 650 | 7 | |a PERMUTACIONES |2 CL-VaPUC |9 423223 | |
| 583 | |a last modification |c 20130806 06:58:05 |k Rodrigo Vera | ||
| 490 | 0 | |a London Mathematical Society Lecture Note Series, 55 | |
| 999 | |c 278077 |d 278075 | ||
| 952 | |0 0 |1 0 |4 0 |6 512_200000000000000_GLA_1981 |7 0 |8 A |9 316419 |a BIBMAT |b BIBMAT |d 2019-11-20 |i 1305883 |o 512.2 GLA 1981 |p 1305883 |r 2025-01-07 |w 2019-11-20 |y BK |k MAT | ||